000 00668nab a2200193 4500
001 244442
003 OSt
005 20250702083152.0
007 tu
008 200917s2020|||||||
040 _aDE-2950
_cDE-2950
245 0 0 _aAltes Wehrkreiskommando wird Seniorensitz
_bImmobilien. Auf dem Gelände der Koehlmannhöfe in Frankfurt entsteht neues Wohnen für ältere Menschen. Die Räume sollen bis Sommer fertig sein/
_cRené Matschkowiak
264 _c2024
653 _aFrankfurt (Oder)
653 _aKoehlmannhöfe
653 _aSeniorenwohnungen
773 0 _g36. Jahrgang (2025) Nr. 141 vom 20.06.2025, S. 13 mit Foto
_tMärkische Oderzeitung
942 _2z
_cA
999 _c373849
_d373849